Dynamic physical education for secondary school students /

This book is divided into five sections: Justifying a Physical Education Program; Designing a Physical Education Program; Teaching a Physical Education Program; Developing a Total Program; Implementing Instructional Activities.

Đã lưu trong:
Bibliografiske detaljer
Hovedforfatter: Pangrazi, Robert P.
Andre forfattere: Darst, Paul W.
Format: Bog
Sprog:English
Udgivet: Boston : Allyn and Bacon, 1997.
Udgivelse:3rd ed.
Fag:
Tags: Tilføj Tag
Ingen Tags, Vær først til at tagge denne postø!
Thư viện lưu trữ: Mạng thư viện Đại học Đà Nẵng
LEADER 01439cam a2200397 i 4500
001 000048003
003 7699
005 20030310085700.0
008 010324|1997 vm 000 eng
020 |a 0205199828 
040 |a IRC  |c IRC  |d IRC 
041 0 |a eng 
082 1 4 |a 613.70973  |b PA-R 
100 1 |a Pangrazi, Robert P. 
245 0 0 |a Dynamic physical education for secondary school students /  |c Robert P. Pangrazi, Paul W. Darst. 
250 |a 3rd ed. 
260 |a Boston :  |b Allyn and Bacon,  |c 1997. 
300 |a 458 p. ;  |c 28cm. 
520 3 |a This book is divided into five sections: Justifying a Physical Education Program; Designing a Physical Education Program; Teaching a Physical Education Program; Developing a Total Program; Implementing Instructional Activities. 
630 0 4 |a Constructivism. 
630 0 4 |a Physical education for children. 
630 0 4 |a Physical education techers. 
650 0 4 |a Physical education and training  |x Study and teaching (Secondary)  |z United States. 
650 0 4 |a Physical education and training  |z United States  |x Curricula. 
650 0 4 |a Physical education and training  |x Study and teaching (Secondary)  |z Canada. 
700 1 |a Darst, Paul W. 
OWN |a DUT 
999 |a From the UDN01 
TYP |a Monograph 
TYP |a Printed language 
980 |a Mạng thư viện Đại học Đà Nẵng